Culture Générale #09 - Statistiques

Statistiques générales
  • Ce quiz a été pris 252 fois
    196 depuis la dernière actualisation
  • Le résultat moyen est 8 sur 20
Statistiques - réponses
Questions Réponses % Correct
Quelle est la couleur du logo du réseau social Snapchat ? Jaune
86%
Quelle est la plus grande île de la Méditerranée ? la Sicile
80%
De combien de joueurs sur le terrain est composée une équipe de handball ? 7
75%
Qui est le fondateur de l'URSS (Union des républiques socialistes soviétiques) ? Vladimir Ilitch Lénine
75%
Par quelle épreuve débute toujours un triathlon ? Natation
73%
Quelle variété d'arbre est désignée en anglais par le terme : maple ? l’Érable
64%
Quelle déesse grecque, fille de Zeus et de Léto, est la sœur jumelle d'Apollon ? Artémis
55%
Quel scientifique français est connu pour sa phrase : "Rien ne se perd, rien ne se crée, tout se transforme" ? Antoine Laurent de Lavoisier
52%
Quel était le nom de la bombe atomique larguée sur la ville de Hiroshima au Japon en 1945 ? Little Boy
43%
Quel est le surnom de l'ancien dictateur yougoslave Josip Broz ? Tito
37%
Quelle ville est réputée pour être la capitale mondiale du diamant ? Anvers
35%
Quel tueur en série est surnommé le "cannibale de Milwaukee" ? Jeffrey Dahmer
29%
À quel poète doit-on le recueil de poèmes “Les yeux d’Elsa” ? Louis Aragon
24%
Quel nom désigne les personnes qui parlent le portugais ? Lusophone
24%
Quelle ville allemande est considérée comme le "berceau de l'automobile" ? Stuttgart
21%
Quel sont les deux villes reliées par la route 66 ? Chicago - Los Angeles
10%
Grâce à quel minerai obtient-on l'aluminium ? la Bauxite
8%
Quel terme désigne une pleine ou nouvelle lune qui coïncide avec une distance minimale du satellite à la Terre ? Super Lune
8%
Quelle est la formule du diamètre d'un cercle ? 2 x rayon
7%
Quels sont les composants de l’alliage qu’on nomme le laiton ? Cuivre et Zinc
7%
Aucun quiz correspondant
Distribution des résultats
% des personnes avec chaque résultat
Percentile par nombre de réponses
Votre historique - résultats
Vous n’avez pas pris ce quiz depuis la dernière actualisation